[Event "N4 Epernay / Blagny"]
[Site "?"]
[Date "2014.10.12"]
[Round "1.4"]
[White "Fourcart, Marc"]
[Black "Leroy, Patrick"]
[Result "1/2-1/2"]
[WhiteElo "1729"]
[BlackElo "1800"]
[PlyCount "54"]
[EventDate "2014.10.12"]
[SourceDate "2014.10.12"]

1. d4 e6 2. Nf3 c5 3. e3 d5 4. b3 Nf6 5. Bb2 Nbd7 6. Bd3 Be7 7. O-O b6 8. Nbd2
Bb7 9. Rc1 O-O 10. c4 dxc4 11. Nxc4 cxd4 12. exd4 Nd5 13. a3 N7f6 14. Nfe5 Nf4
15. Bb1 Bxg2 16. Re1 Qd5 17. f3 Bh3 18. Be4 Nxe4 19. fxe4 Qb7 20. Rc3 f6 21.
Nd3 Ng2 22. Re2 Bg4 23. Kxg2 Bxe2 24. Qxe2 Rad8 25. Nf4 Rxd4 26. Re3 {
et nulle - la suite aurait pu être :} Rd7 (26... Rxe4 {
une variantes de l'ordi favorable aux noirs !} 27. Rxe4 f5 28. Nxe6 Rb8 29. Nd2
fxe4 30. Nxe4 Rc8) 27. Nxe6 Rf7 1/2-1/2

[Event "N4 Epernay / Blagny"]
[Site "?"]
[Date "2014.10.13"]
[Round "1.5"]
[White "Robert, Guillaume"]
[Black "Hanot, Wilfried"]
[Result "1-0"]
[WhiteElo "1630"]
[BlackElo "1811"]
[PlyCount "99"]
[EventDate "2014.10.12"]
[SourceDate "2014.10.13"]

1. d4 Nf6 2. Nf3 g6 3. e3 Bg7 4. Be2 O-O 5. c4 c5 6. O-O d6 7. Nc3 Nbd7 8. Re1
b6 9. a3 Ba6 10. b4 cxd4 11. Nxd4 Qc8 12. b5 Bb7 13. Bb2 Nc5 14. Rb1 Nfe4 15.
Nxe4 Bxe4 16. Rc1 Bh6 17. Bf3 Bxf3 18. Nxf3 Qf5 19. Rc2 Nd3 20. Ree2 Nxb2 21.
Rxb2 Bg7 22. Rbc2 Qc5 23. Qd3 Rac8 24. Red2 Qc7 25. a4 Qd7 26. Qd5 Rc5 27. Qd3
Rfc8 28. Nd4 Bxd4 29. exd4 R5c7 30. h3 e6 31. Rd1 d5 32. Rdc1 dxc4 33. Rxc4
Rxc4 34. Rxc4 Rxc4 35. Qxc4 h5 36. Kf1 Kg7 37. Ke2 Qd5 38. Qxd5 exd5 39. Ke3 g5
40. g4 Kg6 41. f4 f5 42. Kf3 gxf4 43. gxh5+ Kxh5 44. Kxf4 Kh4 45. Kxf5 Kxh3 46.
Ke5 Kg4 47. Kxd5 Kf5 48. Kd6 Kf6 49. d5 Kf7 50. Kd7 1-0

[Event "N4 Epernay / Blagny"]
[Site "?"]
[Date "2014.10.13"]
[Round "1.3"]
[White "Durant, Christophe"]
[Black "Salentiny, Eric"]
[Result "1/2-1/2"]
[WhiteElo "1922"]
[BlackElo "1943"]
[PlyCount "63"]
[EventDate "2014.10.12"]
[SourceDate "2014.10.13"]

1. d4 Nf6 2. Nf3 g6 3. c4 Bg7 4. Nc3 d6 5. e4 Bg4 6. h3 Bxf3 7. Qxf3 Nbd7 8.
Bd3 c5 9. d5 Ne5 10. Qe2 Nxd3+ 11. Qxd3 Qa5 12. O-O Nd7 13. f4 O-O 14. Bd2 a6
15. Ne2 Qc7 16. Bc3 Rab8 17. Bxg7 Kxg7 18. a4 f6 19. Qg3 b5 20. f5 Rg8 21. fxg6
hxg6 22. axb5 axb5 23. Nf4 Nf8 24. cxb5 Rxb5 25. Ra8 Rb8 26. Rfa1 Kf7 27. R1a7
Qb6 28. Rxb8 Qxa7 29. Rb5 Qa4 30. Rb8 Qxe4 31. Qh4 Qe3+ 32. Kh1 1/2-1/2

[Event "N4 Epernay / Blagny"]
[Site "?"]
[Date "2014.10.13"]
[Round "1.6"]
[White "Romain, Adeline"]
[Black "Marchal, Ludovic"]
[Result "0-1"]
[WhiteElo "1660"]
[BlackElo "1670"]
[PlyCount "86"]
[EventDate "2014.10.12"]
[SourceDate "2014.10.13"]

1. d4 Nf6 2. Nf3 g6 3. e3 c5 4. Nbd2 b6 5. b3 Bg7 6. Bb2 O-O 7. c4 cxd4 8. Bxd4
Nc6 9. Bb2 d5 10. Qc2 Bf5 11. Qc3 Ne8 12. Nd4 Nxd4 13. exd4 Rc8 14. Qe3 Nf6 15.
Be2 Re8 16. O-O dxc4 17. Nxc4 Nd5 18. Qd2 b5 19. Ne3 Nxe3 20. fxe3 Rc2 21. Qd1
Rxb2 22. Bxb5 Qd5 23. Be2 Qe4 24. Rf2 Qc2 25. Qxc2 Rxc2 26. Bc4 Rxf2 27. Kxf2
Rd8 28. Rc1 e5 29. a4 exd4 30. exd4 Bxd4+ 31. Kf3 Re8 32. Rd1 Bb6 33. g3 Be6
34. Kf4 Bxc4 35. bxc4 Rc8 36. Rc1 Rc5 37. Ke4 Kg7 38. Kd3 f5 39. Kc3 Re5 40.
Kd2 Kf6 41. Rb1 Ke6 42. Rc1 h5 43. Rf1 Re3 0-1

[Event "N4 Epernay / Blagny"]
[Site "?"]
[Date "2014.10.13"]
[Round "1.8"]
[White "Chebridon, Jean Louis"]
[Black "Massart, Sylvain"]
[Result "0-1"]
[WhiteElo "1499"]
[BlackElo "1460"]
[Annotator ",marc"]
[PlyCount "84"]
[EventDate "2014.10.12"]
[SourceDate "2014.10.13"]

1. e4 e5 2. Nf3 d6 3. d4 exd4 4. Nxd4 Nf6 5. Nc3 Bd7 6. Bc4 Nc6 7. Bg5 Be7 8.
Qd2 h6 9. Bh4 a6 10. O-O-O b5 11. Bb3 b4 12. Nxc6 Bxc6 13. Bxf6 Bxf6 14. Nd5
Bxd5 15. Bxd5 O-O 16. Bxa8 Qxa8 17. Qe2 $2 (17. Qd5 $3) 17... a5 18. f3 a4 19.
Qc4 b3 20. c3 Rb8 21. a3 Qa7 22. Rhe1 Qa5 23. Rd5 Qa7 24. Rb5 Rxb5 25. Qxb5 Qf2
26. Qe2 Qc5 27. c4 c6 28. f4 d5 29. e5 Be7 30. e6 dxc4 31. exf7+ Kxf7 32. Qe6+
Ke8 33. Rd1 c3 34. Qg8+ Bf8 35. Qe6+ Be7 36. Qe2 cxb2+ 37. Kxb2 Qxa3+ 38. Kb1
Qc5 39. Qe4 Kf8 40. Re1 a3 41. Rc1 a2+ 42. Kb2 Bf6+ 0-1

[Event "N4 Epernay / Blagny"]
[Site "?"]
[Date "2014.10.13"]
[Round "1.2"]
[White "Fourcart, Maxence"]
[Black "Tatard, Marie"]
[Result "1-0"]
[WhiteElo "2061"]
[BlackElo "1839"]
[Annotator ",marc"]
[PlyCount "63"]
[EventDate "2014.10.12"]
[SourceDate "2014.10.13"]

1. d4 Nf6 2. Bg5 g6 3. Bxf6 exf6 4. e3 Bg7 5. c4 O-O 6. Nc3 d6 7. Nge2 f5 8. g3
Nc6 9. Bg2 Ne7 10. b4 c6 11. O-O g5 12. Qd2 Ng6 13. b5 Bd7 14. Rab1 Rb8 15. a4
Qf6 16. a5 f4 17. Ne4 Qe7 18. exf4 gxf4 19. Nxf4 Nxf4 20. Qxf4 Bxd4 21. Qxd6
Qxd6 22. Nxd6 cxb5 23. Rfd1 Bc3 24. Nxb7 (24. Ne4) 24... Bf5 25. Rxb5 Be6 26.
Bd5 a6 27. Rb3 Be5 28. f4 Bg7 29. c5 Bxd5 30. Rxd5 Rfc8 31. Rd7 Bf8 32. Rb6 1-0

[Event "N4 Epernay / Blagny"]
[Site "?"]
[Date "2014.10.13"]
[Round "1.7"]
[White "Delikaya, Yahya"]
[Black "Beaudiot, Alain"]
[Result "0-1"]
[WhiteElo "1330"]
[BlackElo "1575"]
[PlyCount "70"]
[EventDate "2014.10.12"]
[SourceDate "2014.10.13"]

1. e4 c5 2. Nf3 a6 3. Nc3 e6 4. b3 d6 5. g3 Nf6 6. Bg2 Be7 7. O-O Nc6 8. d3 O-O
9. Bf4 Qc7 10. Re1 Nd7 11. Na4 b5 12. Nb2 Bb7 13. c3 Bf6 14. Rb1 Bxc3 15. Re2
Bf6 16. a4 Rfd8 17. Qd2 Nde5 18. Nd1 Nxf3+ 19. Bxf3 Nd4 20. Re3 e5 21. Bh6 gxh6
22. Qa2 Bg5 23. Bh5 Bxe3 24. Nxe3 b4 25. Qd2 Rf8 26. Nf1 Qe7 27. Qxh6 Qe6 28.
Qg5+ Kh8 29. Ne3 Rg8 30. Qh4 Raf8 31. Kf1 f5 32. Rc1 Qf6 33. Qh3 fxe4 34. Qg2
exd3 35. Qxb7 Qxf2# 0-1

[Event "N4 Epernay / Blagny"]
[Site "?"]
[Date "2014.10.13"]
[Round "1.1"]
[White "Crepeaux, Jean Marie"]
[Black "Monaville, Guy"]
[Result "1/2-1/2"]
[WhiteElo "1864"]
[BlackElo "2106"]
[PlyCount "131"]
[EventDate "2014.10.12"]
[SourceDate "2014.10.13"]

1. e4 d5 2. exd5 Qxd5 3. Nc3 Qd6 4. Nf3 Nf6 5. h3 a6 6. Bc4 b5 7. Bb3 e6 8. d4
c5 9. dxc5 Qxd1+ 10. Nxd1 Bxc5 11. O-O Bb7 12. Ne5 O-O 13. Be3 Bd6 14. Nd3 Nbd7
15. Nc3 Rfd8 16. Rfd1 Rac8 17. Nf4 Bc5 18. Bxc5 Nxc5 19. Rxd8+ Rxd8 20. Rd1
Rxd1+ 21. Nxd1 Nfe4 22. f3 Nd2 23. Kf2 Ndxb3 24. cxb3 Kf8 25. Ke3 Ke7 26. Nc3
Kd6 27. b4 Nd7 28. Nd3 g5 29. Nf2 f5 30. Nd3 h6 31. a4 bxa4 32. Nxa4 f4+ 33.
Kd2 Bc6 34. Nac5 Bb5 35. Nxd7 Kxd7 36. Ne5+ Ke7 37. Ke1 h5 38. Kd2 Bf1 39. h4
Kf6 40. Nd7+ Kf5 41. hxg5 Kxg5 42. Ke1 Bb5 43. Nc5 Kf5 44. Kf2 h4 45. Ne4 Ke5
46. Kg1 Kd4 47. Kh2 Kc4 48. Kh3 Kxb4 49. Nd2 e5 50. Kxh4 Kc5 51. g4 fxg3 52.
Kxg3 Kd4 53. Kg4 Ke3 54. Nb3 Bd7+ 55. Kg3 Bf5 56. Na5 Bd3 57. Nc6 e4 58. fxe4
Bxe4 59. Ne5 Bd5 60. Nd7 a5 61. Nb6 Bb3 62. Kg2 Kd2 63. Kf2 Kc2 64. Ke3 Kxb2
65. Kd4 Bf7 66. Kc5 1/2-1/2

[Event "N4 Reims 2  Echiquier Aubois 1"]
[Site "?"]
[Date "2014.10.12"]
[Round "?"]
[White "Massart, Jeremy"]
[Black "Hascher, Nicolas"]
[Result "1-0"]
[WhiteElo "1880"]
[BlackElo "1949"]
[PlyCount "85"]
[EventDate "2012.10.14"]
[SourceDate "2014.10.13"]

1. e4 c5 2. c3 d5 3. exd5 Qxd5 4. d4 Nc6 5. Nf3 Bg4 6. Be2 cxd4 7. cxd4 e6 8.
Nc3 Bb4 9. O-O Qa5 10. Be3 Nge7 11. Qb3 Bxc3 12. bxc3 O-O 13. h3 Bh5 14. Rfe1
b6 15. Bd2 Qd5 16. c4 Qd6 17. Bc3 Rfd8 18. Rad1 Rac8 19. Qb2 f6 20. Rd2 Na5 21.
c5 Qc7 22. Bxa5 bxa5 23. Bc4 Rb8 24. Bxe6+ Kf8 25. Qc3 Nd5 26. Bxd5 Rxd5 27.
Nh2 Rbd8 28. Nf1 Be8 29. Rc1 Bc6 30. Ne3 Rg5 31. h4 Rh5 32. g3 Qd7 33. d5 Bxd5
34. Rcd1 Qc6 35. Qxa5 Rd7 36. Rxd5 Rhxd5 37. Rxd5 Rxd5 38. Nxd5 Qxd5 39. Qxa7
g5 40. hxg5 Qd1+ 41. Kh2 Qd4 42. Qa8+ Kf7 43. Qf3 1-0

[Event "N4 Reims 2  Echiquier Aubois 1"]
[Site "?"]
[Date "2014.10.12"]
[Round "1"]
[White "Ferrand, Christophe"]
[Black "Magnier, Christophe"]
[Result "1-0"]
[WhiteElo "1897"]
[BlackElo "1825"]
[PlyCount "89"]
[EventDate "2012.10.14"]
[SourceDate "2014.10.13"]

1. e4 e5 2. Nf3 Nc6 3. d4 exd4 4. Nxd4 Bc5 5. Be3 Nxd4 6. Bxd4 Bxd4 7. Qxd4 Nf6
8. Nc3 O-O 9. O-O-O d6 10. e5 Ne8 11. Bd3 Qg5+ 12. f4 dxe5 13. Qxe5 Qxe5 14.
fxe5 c6 15. Rhf1 Be6 16. Ne4 Nc7 17. Ng5 h6 18. Nxe6 fxe6 19. c4 Rad8 20. Kc2
Na6 21. a3 Nc5 22. Rxf8+ Rxf8 23. Bg6 a5 24. Rd2 a4 25. Kc3 Rc8 26. Kb4 b6 27.
h4 h5 28. Rd6 Kf8 29. Bxh5 Ke7 30. Bf3 Nd7 31. Rxc6 Rxc6 32. Bxc6 Nxe5 33. Bxa4
Nd3+ 34. Kc3 Nc5 35. Bc2 Kd6 36. b4 Nd7 37. g4 Ke5 38. a4 Kf4 39. Bd1 Ne5 40.
a5 bxa5 41. bxa5 Nc6 42. a6 e5 43. h5 Ke3 44. g5 e4 45. h6 1-0

[Event "N4 Reims 2  Echiquier Aubois 1"]
[Site "?"]
[Date "2014.10.12"]
[Round "1"]
[White "Barat, jacques"]
[Black "Moine, Patrick"]
[Result "1/2-1/2"]
[WhiteElo "1798"]
[BlackElo "1848"]
[PlyCount "129"]
[EventDate "2012.10.14"]
[SourceDate "2014.10.13"]

1. Nf3 c5 2. d4 cxd4 3. Nxd4 e6 4. e4 Nc6 5. Nxc6 bxc6 6. Be3 g6 7. Nc3 Bg7 8.
Qd2 Ne7 9. Be2 O-O 10. f4 Qa5 11. O-O Ba6 12. Bxa6 Qxa6 13. Bc5 Rfe8 14. Rad1
d5 15. e5 Nf5 16. g4 Ne7 17. Qe3 Nc8 18. Rd4 Nb6 19. b3 Nd7 20. Ra4 Qb7 21. Rb4
Qc7 22. Bd6 Qc8 23. Na4 Bf8 24. Bxf8 Rxf8 25. c4 a5 26. Nb6 Nxb6 27. Rxb6 Rb8
28. Qc5 Rxb6 29. Qxb6 Qa8 30. cxd5 cxd5 31. Rc1 Rb8 32. Qc7 a4 33. bxa4 Rb2 34.
Qd7 Qa5 35. Qc7 Qxc7 36. Rxc7 Rxa2 37. Ra7 Kg7 38. g5 d4 39. Kf1 d3 40. Ke1
Rxh2 41. a5 Ra2 42. a6 Ra4 43. Kd2 Rxf4 44. Rb7 Ra4 45. a7 Ra3 46. Rc7 h5 47.
gxh6+ Kxh6 48. Rxf7 Kg5 49. Rf6 Rxa7 50. Kxd3 Re7 51. Ke4 Kh5 52. Kf3 g5 53.
Kg3 g4 54. Kf4 Rg7 55. Kg3 Ra7 56. Rxe6 Ra3+ 57. Kg2 Kg5 58. Re8 Kf4 59. Rg8
Re3 60. Rf8+ Kg5 61. Rg8+ Kf5 62. Rf8+ Ke6 63. Re8+ Kf7 64. Rb8 Rxe5 65. Rb4
1/2-1/2

[Event "N4 Reims 2  Echiquier Aubois 1"]
[Site "?"]
[Date "2014.10.12"]
[Round "1"]
[White "Brun, Franck"]
[Black "Caray, Jerome"]
[Result "0-1"]
[WhiteElo "1825"]
[BlackElo "1770"]
[PlyCount "38"]
[EventDate "2012.10.14"]
[SourceDate "2014.10.13"]

1. e4 e5 2. Nf3 Nc6 3. d4 exd4 4. Nxd4 Bc5 5. Nxc6 Qf6 6. Qd2 dxc6 7. Qe2 Be6
8. Nd2 Ne7 9. Nf3 Ng6 10. g3 Bg4 11. Bg2 Ne5 12. Bg5 Nxf3+ 13. Bxf3 Qxf3 14.
Qxf3 Bxf3 15. Rf1 f6 16. Bf4 O-O-O 17. Be3 Bb6 18. Rg1 Rd7 19. g4 Rhd8 0-1

[Event "N4 Reims 2  Echiquier Aubois 1"]
[Site "?"]
[Date "2014.10.12"]
[Round "1"]
[White "Nawara, Abd El Eahim"]
[Black "Guillaume, Jean-Francois"]
[Result "0-1"]
[WhiteElo "1765"]
[BlackElo "110"]
[PlyCount "134"]
[EventDate "2012.10.14"]
[SourceDate "2014.10.13"]

1. d4 Nf6 2. Nc3 d5 3. Bf4 c6 4. Nf3 Bf5 5. e3 e6 6. Bd3 Bg6 7. Bg5 Qa5 8. Bxf6
gxf6 9. a3 Nd7 10. Nd2 e5 11. Bxg6 hxg6 12. Nb3 Qc7 13. Qe2 O-O-O 14. O-O-O
exd4 15. Rxd4 Rxh2 16. Rxh2 Qxh2 17. Ra4 Qh1+ 18. Nd1 Kb8 19. Na5 Nb6 20. Nxb7
Rd7 21. Na5 Nxa4 22. Nxc6+ Ka8 23. Qb5 Nb6 24. Na5 Qxg2 25. Qc6+ Kb8 26. Qxf6
Qg4 27. Qe5+ Bd6 28. Qh8+ Kc7 29. Qc3+ Kb8 30. Qh8+ Nc8 31. Qc3 Rc7 32. Qd3 Qa4
33. Nb3 Qc4 34. Qxc4 Rxc4 35. Nc3 Ne7 36. Nb5 Be5 37. f4 Bxf4 38. exf4 Rxf4 39.
Kd2 Nf5 40. Nc3 Ne7 41. Ke3 Rh4 42. Kf3 Kc8 43. Nb5 Kd7 44. Nxa7 Nc6 45. Nb5
Rh2 46. N3d4 Nxd4+ 47. Nxd4 Rh4 48. c3 Rh2 49. Ne2 Kd6 50. a4 Kc5 51. b4+ Kc4
52. b5 Rh8 53. Nd4 Rb8 54. Nc6 Rb6 55. Nd4 Rb7 56. Kf4 Kxc3 57. Ke5 Kb4 58.
Kxd5 Kxa4 59. Kc6 Rb8 60. b6 Ka5 61. Nb3+ Ka6 62. Nc5+ Ka5 63. Nb3+ Kb4 64. Nc5
Rc8+ 65. Kd7 Rxc5 66. b7 Rb5 67. Kc8 f5 0-1

[Event "N4 Reims 2  Echiquier Aubois 1"]
[Site "?"]
[Date "2014.10.12"]
[Round "1"]
[White "Roussel, Julien"]
[Black "Jouniaux, Quentin"]
[Result "0-1"]
[WhiteElo "1740"]
[BlackElo "1688"]
[PlyCount "78"]
[EventDate "2012.10.14"]
[SourceDate "2014.10.13"]

1. d4 d5 2. Nf3 Nf6 3. e3 Bg4 4. Bd3 e6 5. O-O Bd6 6. Nbd2 c5 7. c3 c4 8. Be2
Nc6 9. Nh4 Bxe2 10. Qxe2 Ne4 11. Nhf3 Nxd2 12. Nxd2 f5 13. Qh5+ g6 14. Qe2 g5
15. f3 Kd7 16. e4 f4 17. b3 b5 18. a4 a6 19. Ba3 b4 20. Bb2 Nxd4 21. cxd4 c3
22. Bc1 cxd2 23. Bxd2 Qb6 24. Qf2 e5 25. Kh1 dxe4 26. fxe4 Qxd4 27. Qxd4 exd4
28. Rac1 Rac8 29. Rfd1 a5 30. Kg1 Rhf8 31. Rxc8 Rxc8 32. Rc1 Rxc1+ 33. Bxc1 Ke6
34. Kf2 Ke5 35. g3 Kxe4 36. Ke2 d3+ 37. Kf2 Bc5+ 38. Ke1 Be3 39. Bb2 f3 0-1

[Event "N4 Reims 2  Echiquier Aubois 1"]
[Site "?"]
[Date "2014.10.12"]
[Round "1"]
[White "Amoros, Pierre"]
[Black "Roussel, Jean-Marc"]
[Result "1-0"]
[WhiteElo "1642"]
[BlackElo "1714"]
[PlyCount "103"]
[EventDate "2012.10.14"]
[SourceDate "2014.10.13"]

1. e4 c5 2. Nf3 e6 3. d4 cxd4 4. Nxd4 a6 5. Bd3 Qc7 6. Be3 Nc6 7. Nd2 Nf6 8.
O-O Nxd4 9. Bxd4 e5 10. Bc3 Bc5 11. Nf3 d6 12. Bd2 Bg4 13. Bg5 Qe7 14. Be2 O-O
15. Nh4 Bxe2 16. Qxe2 h6 17. Nf5 Qe6 18. Be3 Bxe3 19. Qxe3 Rfd8 20. f4 d5 21.
Qg3 g6 22. Nxh6+ Kh7 23. Qh4 Nh5 24. f5 Qb6+ 25. Kh1 Kxh6 26. g4 Qf6 27. Qh3
Kg7 28. gxh5 gxh5 29. Qxh5 Kf8 30. exd5 Rxd5 31. Rad1 Rad8 32. Rxd5 Rxd5 33.
Qf3 Qc6 34. f6 Qd6 35. Qg4 Qe6 36. Qb4+ Ke8 37. Qxb7 Rd8 38. Qg2 Rd5 39. Qe4
Qd7 40. c4 Rc5 41. b4 Rc8 42. Qxe5+ Qe6 43. Qxe6+ fxe6 44. f7+ Kf8 45. c5 a5
46. a3 axb4 47. axb4 Rb8 48. Rf4 Rd8 49. Kg2 Rd2+ 50. Kg3 Rd5 51. h4 Rd1 52.
Kg4 1-0

[Event "N4 Reims 2  Echiquier Aubois 1"]
[Site "?"]
[Date "2014.10.12"]
[Round "1"]
[White "Prost, Catherine"]
[Black "Francois, Gwladys"]
[Result "1/2-1/2"]
[WhiteElo "1280"]
[BlackElo "1528"]
[PlyCount "90"]
[EventDate "2012.10.14"]
[SourceDate "2014.10.13"]

1. Nf3 d5 2. b3 Bf5 3. Bb2 e6 4. e3 a6 5. d3 Nf6 6. Be2 Be7 7. O-O O-O 8. Nbd2
Bg4 9. Ne5 Bxe2 10. Qxe2 Nbd7 11. f4 h6 12. Rf3 c6 13. Rh3 Nxe5 14. Bxe5 Bd6
15. Nf3 a5 16. a4 Qe7 17. Qf2 Ng4 18. Qg3 Bxe5 19. Nxe5 Nxe5 20. fxe5 Kh7 21.
Rf1 Qc7 22. d4 Rg8 23. Qf3 Rgf8 24. e4 Qb6 25. Qd3 dxe4 26. Qxe4+ Kh8 27. Kh1
Rad8 28. Rd1 Qb4 29. Qg4 Rg8 30. Rf3 Rgf8 31. Rf4 Qe7 32. Qh5 Qc7 33. g4 Qe7
34. Rg1 Qg5 35. Qxg5 hxg5 36. Re4 Rd7 37. Rg3 Kh7 38. c3 Kg6 39. Rge3 Re8 40.
Rh3 f6 41. Kg2 Rd5 42. Rf3 fxe5 43. Rxe5 Rxe5 44. dxe5 Rd8 45. Kg3 b5 1/2-1/2

[Event "La Tour du roi/Rethel"]
[Site "?"]
[Date "2014.10.12"]
[Round "1"]
[White "Sohier, Renaud"]
[Black "Lassalle, Arnaud"]
[Result "1-0"]
[WhiteElo "2034"]
[BlackElo "2059"]
[PlyCount "55"]
[EventDate "2014.10.15"]
[SourceDate "2014.10.15"]

1. d4 d5 2. c4 dxc4 3. Nf3 Nf6 4. g3 e6 5. Bg2 Nbd7 6. O-O Be7 7. Nbd2 c5 8.
Nxc4 O-O 9. Qc2 Re8 10. Rd1 cxd4 11. Rxd4 Bc5 12. Rd3 Qe7 13. a3 a5 14. Bd2 a4
15. Nfe5 Nxe5 16. Nxe5 Nd5 17. Bxd5 exd5 18. Rxd5 b6 19. Nd3 Bb7 20. Re5 Qc7
21. Rxe8+ Rxe8 22. Nxc5 bxc5 23. Bf4 Qc6 24. f3 h6 25. e4 f5 26. Qc4+ Kh7 27.
Rd1 fxe4 28. Rd6 1-0

[Event "La Tour du roi/Rethel"]
[Site "?"]
[Date "2014.10.12"]
[Round "1"]
[White "Gaignierre, Gilles"]
[Black "Noizet, Donatien"]
[Result "0-1"]
[WhiteElo "1957"]
[BlackElo "1952"]
[PlyCount "80"]
[EventDate "2014.10.15"]
[SourceDate "2014.10.15"]

1. d4 d5 2. Nf3 Nf6 3. Bg5 e6 4. e3 a6 5. Bd3 c5 6. c3 Nc6 7. Nbd2 cxd4 8. exd4
h6 9. Bh4 Bd6 10. Qe2 O-O 11. Ne5 Be7 12. f4 Ne8 13. Bxe7 Nxe7 14. O-O Nd6 15.
Rf3 f6 16. Ng6 Nxg6 17. Bxg6 Bd7 18. Bc2 e5 19. fxe5 fxe5 20. Qxe5 Bc6 21.
Rxf8+ Qxf8 22. Rf1 Nf7 23. Qf5 Ng5 24. Qd3 Qe7 25. Nf3 Bb5 26. Qd1 Bxf1 27.
Qxf1 Qe3+ 28. Kh1 Rf8 29. Bd1 Ne4 30. g3 Nd2 31. Qg1 Rxf3 32. Bxf3 Qxf3+ 33.
Qg2 Qxg2+ 34. Kxg2 Ne4 35. Kf3 Kf7 36. Kf4 Ke6 37. a3 Nd2 38. a4 b5 39. axb5
axb5 40. h4 Nc4 0-1

[Event "La Tour du roi/Rethel"]
[Site "?"]
[Date "2014.10.12"]
[Round "1"]
[White "Gerardin, DDavid"]
[Black "Halfaoui, Eddine"]
[Result "0-1"]
[WhiteElo "1758"]
[BlackElo "1935"]
[PlyCount "120"]
[EventDate "2014.10.15"]
[SourceDate "2014.10.15"]

1. e4 c6 2. d4 d5 3. exd5 cxd5 4. Nf3 Nf6 5. Bf4 Bg4 6. Be2 e6 7. O-O Be7 8. c3
O-O 9. Nbd2 Nc6 10. Ne5 Bxe2 11. Qxe2 Rc8 12. Rfc1 a6 13. Bg5 Nxe5 14. Qxe5 Nd7
15. Bxe7 Qxe7 16. Qe3 Nf6 17. h3 Qd6 18. Re1 a5 19. Rac1 Rc6 20. Nf3 a4 21. Ne5
Rc7 22. Re2 Rfc8 23. Rec2 Qa6 24. Qd3 Qxd3 25. Nxd3 Ne4 26. f3 Nd6 27. Nf4 Nf5
28. Ne2 Ne3 29. Rd2 Nc4 30. Rdc2 Ne3 31. Rd2 b5 32. Kf2 Nc4 33. Rdc2 Nd6 34. g4
b4 35. b3 axb3 36. axb3 Nb5 37. c4 Na3 38. Ra2 dxc4 39. bxc4 Rxc4 40. Rxc4 Rxc4
41. Rb2 Nc2 42. Ra2 g5 43. Ra8+ Kg7 44. Rd8 b3 45. Rb8 Nb4 46. Kg3 b2 47. Nc3
Nd3 48. Nd1 Rc1 49. Nxb2 Rb1 50. Rb3 Nxb2 51. Rb5 Kg6 52. d5 exd5 53. Rxd5 Rd1
54. Rb5 Nc4 55. Rb3 Ne5 56. Re3 f6 57. Re2 Kf7 58. Rb2 Rd3 59. Rf2 Ng6 60. Rf1
Rd2 0-1

[Event "La Tour du roi/Rethel"]
[Site "?"]
[Date "2014.10.12"]
[Round "1"]
[White "Pytel, BBozena"]
[Black "Monceau, Etienne"]
[Result "1-0"]
[WhiteElo "1929"]
[BlackElo "1726"]
[PlyCount "57"]
[EventDate "2014.10.15"]
[SourceDate "2014.10.15"]

1. Nf3 Nf6 2. d4 d5 3. c4 e6 4. Nc3 Be7 5. Bg5 O-O 6. e3 b6 7. Be2 Bb7 8. O-O
Nbd7 9. Rc1 h6 10. Bh4 Rc8 11. cxd5 exd5 12. Bg3 Nh5 13. Be5 Nxe5 14. Nxe5 Nf6
15. Nb5 a6 16. Na7 Ra8 17. Nac6 Qe8 18. Nxe7+ Qxe7 19. Nc6 Qd6 20. Qc2 Rfe8 21.
a3 Re6 22. Nb4 c6 23. Nd3 Rc8 24. Bf3 c5 25. dxc5 bxc5 26. Nxc5 Nd7 27. b4 Rf6
28. Bg4 Rc7 29. Bxd7 1-0

[Event "La Tour du roi/Rethel"]
[Site "?"]
[Date "2014.10.12"]
[Round "1"]
[White "Biniaux, Mickael"]
[Black "Louis, André"]
[Result "1-0"]
[WhiteElo "1723"]
[BlackElo "1682"]
[PlyCount "55"]
[EventDate "2014.10.15"]
[SourceDate "2014.10.15"]

1. d4 Nf6 2. e3 e6 3. Bd3 d5 4. Nd2 c5 5. c3 Nc6 6. f4 Be7 7. Ngf3 h6 8. Ne5
Nxe5 9. fxe5 Nd7 10. O-O O-O 11. Qg4 Qe8 12. Nf3 Kh8 13. e4 Rg8 14. Qh3 Qf8 15.
g4 g5 16. Qh5 Qg7 17. exd5 exd5 18. Nxg5 Bxg5 19. Rxf7 Be3+ 20. Kh1 Qxf7 21.
Qxf7 Rg7 22. Qe8+ Rg8 23. Qh5 Bxc1 24. Rxc1 Rg7 25. Qxh6+ Kg8 26. Qe6+ Kh8 27.
Qe8+ Rg8 28. Qh5+ 1-0

[Event "La Tour du roi/Rethel"]
[Site "?"]
[Date "2014.10.12"]
[Round "1"]
[White "Roule, Nicolas"]
[Black "Lambert, Alban"]
[Result "1/2-1/2"]
[WhiteElo "1628"]
[BlackElo "1650"]
[PlyCount "107"]
[EventDate "2014.10.15"]
[SourceDate "2014.10.15"]

1. d4 Nf6 2. c4 e6 3. Nf3 b6 4. Nc3 Bb4 5. Bg5 Bb7 6. Qb3 Bxc3+ 7. Qxc3 O-O 8.
Nd2 d5 9. h4 h6 10. Bf4 Nbd7 11. h5 c5 12. Qg3 Kh8 13. dxc5 Nxc5 14. Be5 Rg8
15. Qf4 dxc4 16. Nxc4 Bd5 17. Rd1 Qe7 18. e3 Rac8 19. Rh2 Nce4 20. Nd6 Nxd6 21.
Bxd6 Qd7 22. Be5 Qe7 23. f3 Nh7 24. Qxh6 f6 25. Qg6 fxe5 26. Bd3 e4 27. fxe4
Qb4+ 28. Ke2 Bc4 29. e5 Bxd3+ 30. Rxd3 Qxb2+ 31. Rd2 Qxe5 32. Rh4 Rgf8 33. h6
Qf6 34. hxg7+ Qxg7 35. Qxg7+ Kxg7 36. Rd7+ Kg6 37. Rdxh7 Rc2+ 38. Kd3 Rxa2 39.
R4h6+ Kf5 40. Rh5+ Kf6 41. R5h6+ Ke5 42. Rh5+ Rf5 43. g4 Rxh5 44. gxh5 b5 45.
h6 Ra3+ 46. Kd2 Ke4 47. Re7 Ra2+ 48. Kc3 Kxe3 49. Rxe6+ Kf4 50. h7 Rh2 51. Re7
a5 52. Ra7 Ke4 53. Rxa5 Rxh7 54. Rxb5 1/2-1/2

[Event "La Tour du roi/Rethel"]
[Site "?"]
[Date "2014.10.12"]
[Round "1"]
[White "Pierlot, a"]
[Black "Mondeel, Paul"]
[Result "0-1"]
[WhiteElo "1510"]
[BlackElo "1531"]
[PlyCount "72"]
[EventDate "2014.10.15"]
[SourceDate "2014.10.15"]

1. e4 d6 2. d4 Nf6 3. Nc3 g6 4. Nf3 Bg7 5. Bg5 O-O 6. Bc4 Nbd7 7. O-O c6 8. Qd2
b5 9. Bb3 b4 10. Ne2 Nxe4 11. Qxb4 Nxg5 12. Nxg5 h6 13. Nf3 a5 14. Qd2 c5 15.
c3 a4 16. Bc4 Nb6 17. Bd3 c4 18. Be4 d5 19. Bc2 a3 20. b3 Qc7 21. Nf4 e6 22.
Rfe1 Nd7 23. Re2 Bb7 24. Rae1 Rfe8 25. b4 Re7 26. g3 Rae8 27. Qc1 e5 28. dxe5
Nxe5 29. Nxe5 Bxe5 30. Ba4 Bxf4 31. gxf4 Rxe2 32. Bxe8 Rxe1+ 33. Qxe1 Qxf4 34.
Qe7 Bc8 35. Qc5 Qg5+ 36. Kh1 Bh3 0-1

[Event "ENHM/BME"]
[Site "?"]
[Date "2014.10.12"]
[Round "1"]
[White "Moret, Florian"]
[Black "Boillon, Vincent"]
[Result "0-1"]
[WhiteElo "1936"]
[BlackElo "2092"]
[PlyCount "46"]
[EventDate "2014.10.15"]
[SourceDate "2014.10.16"]

1. e4 c5 2. Nc3 Nc6 3. f4 d6 4. Nf3 g6 5. Bc4 Bg7 6. O-O Nf6 7. Qe1 O-O 8. d3
e6 9. Qh4 d5 10. Bb3 c4 11. exd5 cxb3 12. dxc6 bxc2 13. Ne1 Qd4+ 14. Qf2 Ng4
15. Qxd4 Bxd4+ 16. Kh1 Nf2+ 17. Rxf2 Bxf2 18. cxb7 Bxb7 19. Nxc2 Rfd8 20. d4
Rac8 21. Bd2 Bxd4 22. Nxd4 Rxd4 23. Be3 Rb4 0-1

[Event "ENHM/BME"]
[Site "?"]
[Date "2014.10.12"]
[Round "1"]
[White "Marte, S."]
[Black "Viard, Dominique"]
[Result "1-0"]
[WhiteElo "2049"]
[BlackElo "2005"]
[PlyCount "85"]
[EventDate "2014.10.15"]
[SourceDate "2014.10.16"]

1. Nf3 Nf6 2. d4 d5 3. c4 c6 4. Nc3 a6 5. e3 b5 6. cxd5 cxd5 7. Be2 Bf5 8. O-O
e6 9. Nh4 Bg6 10. g3 Be7 11. Re1 Nbd7 12. a3 Rc8 13. Nxg6 hxg6 14. Bf3 Nb6 15.
e4 dxe4 16. Nxe4 Nfd5 17. b4 Nc4 18. Qd3 O-O 19. Nc5 Bxc5 20. bxc5 Qa5 21. Bg5
Rfe8 22. Kg2 Qc7 23. Re2 Qd7 24. Kg1 f6 25. Be3 Ndxe3 26. fxe3 Rxc5 27. Qxg6
Rg5 28. Qe4 Rd5 29. Qh4 Rd6 30. Bh5 g5 31. Bxe8 Qxe8 32. Qg4 Qg6 33. e4 f5 34.
exf5 exf5 35. Qf3 Qf6 36. Rd1 Rd8 37. Qb7 Nxa3 38. Re7 Nc4 39. Qc7 Rf8 40. Qd7
b4 41. Rde1 Nd6 42. R1e5 Ne4 43. R5e6 1-0